| 000 | 00470cam a2200193ua 4500 | ||
|---|---|---|---|
| 020 | _c6.50 | ||
| 041 |
_aeng _h |
||
| 082 |
_a534 _bSHA/TE |
||
| 100 | _aSharma, L P . | ||
| 245 |
_aText book of sound for degree students / _cL P Sharnma. _hTextual Documents |
||
| 250 |
_a1 / _b. |
||
| 260 |
_aNew Delhi : _bS.Chand and Co , _c1964. |
||
| 300 | _a207 ; . | ||
| 365 | _a6.50 | ||
| 504 | _a | ||
| 700 | 1 | _aSaxena, H C . | |
| 942 | _cBK | ||
| 999 |
_c8578 _d8578 |
||